| 000 | 00488nam a2200181 a 4500 | ||
|---|---|---|---|
| 001 | 1776330595846 | ||
| 003 | YourLibrary | ||
| 005 | 20260416144344.0 | ||
| 008 | 260416s1998##################000#0#eng## | ||
| 020 | _a9781840140392 | ||
| 082 | 0 | 4 |
_a347.067 _bFRE |
| 100 | 1 |
_aFreeman, Michael D. A., _eauthor. |
|
| 245 | 1 | 0 | _aScience in Court : |
| 260 |
_bDartmouth Publishing Company, _c1998. |
||
| 650 | 0 | _aCriminalistique. | |
| 942 | _cENGLISH | ||
| 040 |
_aYourLibrary _beng _cYourLibrary |
||
| 999 |
_c619412 _d619412 |
||